Crisis y externalizacin̤ en el sector pb︢lico ¿solucin̤ o problema? monografa̕ del Grupo de Investigacin̤ para el Estudio del Empleo Pb︢lico /

Detalles Bibliográficos
Autor Corporativo: Instituto Nacional de Administracin̤ Pb︢lica (Espanya)
Otros Autores: Ortega, Luis (Ortega ℓlvarez), Cantero Martn̕ez, Josefa, Villoria Mendieta, Manuel
Formato: Libro
Lenguaje:español
Publicado: [Madrid] : Instituto Nacional de Administracin̤ Pb︢lica, 2011
Edición:1® ed.
Colección:Monografa̕s (Instituto Nacional de Administracin̤ Pb︢lica (Espaą))
Materias:
Acceso en línea:Acceso restrignido

MARC

LEADER 00000nam a2200000 a 4500
005 20120925152918.0
007 cr|||| ||||
008 120203s2011 sp |||| |||||0|| 0 spa|c
017 |a DL SE. 8683-2011  |b Oficina Deps̤ito Legal Sevilla 
020 |a 9788473514156 
024 7 |a NIPO 852-11-027-0  |2 nipo 
035 |a 6613 
040 |a vLex 
090 |c 3465  |d 3465 
245 0 0 |a Crisis y externalizacin̤ en el sector pb︢lico ¿solucin̤ o problema?   |h [Recurso electrn̤ico] :  |b monografa̕ del Grupo de Investigacin̤ para el Estudio del Empleo Pb︢lico /  |c director, Luis Ortega ℓlvarez ; coordinadora, Josefa Cantero Martn̕ez ; autores, Manuel Villoria Mendieta ... [et al.] 
250 |a 1® ed. 
256 |a Servicio en ln̕ea 
260 |a [Madrid] :  |b Instituto Nacional de Administracin̤ Pb︢lica,  |c 2011 
300 |a 1 recurso electrn̤ico 
490 1 |a Monografa̕s / INAP 
504 |a Incluye referencias bibliogrf̀icas 
506 1 |a Contenido solo disponible en los productos indicados  |d vLex Global   |d vLex Global (Academic Edition, excluding Law Schools)   |d vLex Global (U.S. Academic Edition, Law Schools)   |d vLex Global (U.S. Academic Edition, excluding Law Schools)   |d vLex Global (Academic Edition, Law Schools)  
650 0 4 |a Contractacin̤ externa  |x Derecho y legislacin̤  |z Espaą 
700 1 |a Ortega, Luis  |q (Ortega ℓlvarez) 
700 1 |a Cantero Martn̕ez, Josefa 
700 1 |a Villoria Mendieta, Manuel 
710 1 |a Instituto Nacional de Administracin̤ Pb︢lica (Espanya) 
740 0 |a vLex Libros (Servicio en ln̕ea) 
830 0 |a Monografa̕s (Instituto Nacional de Administracin̤ Pb︢lica (Espaą))  
856 4 0 |u http://vlex.com/source/crisis-externalizacion-sector-publico-solucion-problema--6613  |z Acceso restrignido 
942 |c BOOK 
999 0 |a  Contracting out